000 00528nam a2200193 a 4500
001 2824
003 CO-ViMGA
008 141112s2004 ck r 000 u spa d
020 _a9589105351
040 _aCO-ViMGA
_bspa
_cCO-ViMGA
082 0 4 _a370.193 A517
100 1 _aAmar Amar, Jose Juan
_951914
245 1 0 _aEducación infantil y desarrollo social
260 _aBarranquilla :
_bUninorte,
_c1994
300 _a325 P
650 1 4 _aeducación - SOCIOLOGIA
_951915
650 1 4 _aNIÑOS - educación
_951916
942 _2ddc
_cBK
999 _c14894
_d14894